Представление документа в формате RUSMARC

ПолеНазваниеЗначение
  Тип записи a
  Библиографический уровень a
001 Контрольный номер RU/CBS_UL/BASE/49fc2180a9414b48a58d7f253b584c9c
005 Дата корректировки 20260404175408.2
100 Данные общей обработки __
a Данные общей обработки 20260404 ||| 0rusy0189 ca
101 Язык документа 0_
a Язык текста rus
102 Страна публикации __
a Страна публикации RU
200 Заглавие и сведения об ответственности 1_
a Заглавие "Родня". Часть вторая
e Сведения, относящиеся к заглавию [Ю. Харламова вспоминает о своей тёте, актрисе Н. Мордюковой]
f Первые сведения об ответственности Ю. Харламова
g Последующие сведения об ответственности бесед. И. Зайчик
300 Общие примечания __
a Общие примечания 16+
461 Уровень набора _0
1 2000
a Коллекция КАРАВАН историй
463 Уровень физической единицы _0
1 2000
a № 3
v С. 100-127 : фот.
1 2101
d 2026
1 001RU/CBS_UL/BASE/b61a408878ed4e6dbe90fcf0b44df0ab
600 Персоналии _1
a Персоналии (Фамилия) Мордюкова
b Персоналии (Имя, инициалы) Н.В.
606 Тематические рубрики 0_
a Основная рубрика Мордюкова, Нонна Викторовна (1925-2008)
610 Ключевые слова 0_
a Ключевые слова актрисы советские, российские актрисы, народные артистки СССР, лауреаты Сталинской премии I степени, лауреаты Государственной премии РСФСР им. братьев Васильевых
686 Индексы других классификаций __
2 Код системы rubbk
a Классификационный индекс 85.374(2)
700 Автор _1
a Фамилия Харламова
b Имя (инициалы) Ю.
801 Источник записи _0
a Страна RU
b Организация МБУК ЦБС г. Ульяновска
c Дата составления 20260404
g Правила каталогизации RCR
801 Источник записи _1
a Страна RU
b Организация МБУК ЦБС г. Ульяновска
c Дата составления 20260404
g Правила каталогизации RCR
901 Тип документа __
t Тип документа b
w Контрольный № источника RU/CBS_UL/BASE/b61a408878ed4e6dbe90fcf0b44df0ab
909 Создатель записи __
a Создатель записи lib1